A középiskolás korú gyermekek testösszetételének hatása a koordinációs képességekre
Elmentve itt :
| Szerzők: | |
|---|---|
| Dokumentumtípus: | Könyv része |
| Megjelent: |
Dél-alföldi Ifjúsági Életmód és Szabadidő Alapítvány
Szeged
2018
|
| Sorozat: | László Ferenc Sporttudományi Kutatóműhely
5 Sporttudományi kaleidoszkóp = Sports science kaleidoscope : sportszakmai tanulmány-, és szakcikk gyűjtemény = studies and abstracts from the area of sports sciences research 5 |
| Kulcsszavak: | Sportegészségügy |
| Tárgyszavak: | |
| Online Access: | http://acta.bibl.u-szeged.hu/75448 |
| LEADER | 01097naa a2200241 i 4500 | ||
|---|---|---|---|
| 001 | acta75448 | ||
| 005 | 20220421140555.0 | ||
| 008 | 220421s2018 hu o 0|| hun d | ||
| 020 | |a 978-615-00-3033-3 | ||
| 022 | |a 2064-5821 | ||
| 040 | |a SZTE Egyetemi Kiadványok Repozitórium |b hun | ||
| 041 | |a hun | ||
| 100 | 1 | |a Láng Judit | |
| 245 | 1 | 2 | |a A középiskolás korú gyermekek testösszetételének hatása a koordinációs képességekre |h [elektronikus dokumentum] / |c Láng Judit |
| 260 | |a Dél-alföldi Ifjúsági Életmód és Szabadidő Alapítvány |b Szeged |c 2018 | ||
| 300 | |a 25-47 | ||
| 490 | 0 | |a László Ferenc Sporttudományi Kutatóműhely |v 5 | |
| 490 | 0 | |a Sporttudományi kaleidoszkóp = Sports science kaleidoscope : sportszakmai tanulmány-, és szakcikk gyűjtemény = studies and abstracts from the area of sports sciences research |v 5 | |
| 650 | 4 | |a Orvos- és egészségtudomány | |
| 650 | 4 | |a Egészségtudományok | |
| 695 | |a Sportegészségügy | ||
| 700 | 0 | 1 | |a Petrovszki Zita |e aut |
| 856 | 4 | 0 | |u http://acta.bibl.u-szeged.hu/75448/1/sporttudomany_005_025-047.pdf |z Dokumentum-elérés |